000 01193nam a2200301 i 4500
003 EG-GICUC
005 20260121101646.0
008 260104s1969 ua ||||fr|||| 001 0 ara d
040 _a EG-GICUC
_bara
_c EG-GICUC
_d EG-GICUC
_erda
041 _aara
082 0 4 _a343.4350602
_bع و . ق
_221
092 0 4 _221
099 _aLaw1 10 343.4350602 ع و . ق 1969 1006761
100 0 _aعوض محمد.
_eمؤلف.
245 1 0 _aقانون العقوبات التكميلي :
_bجرائم السلاح والتشرد والاشتباه والنقد في التشريع الليبي /
_cدكتور عوض محمد.
264 1 _aالإسكندرية، مصر :
_bالمكتب المصري الحديث للطباعة والنشر،
_c1969.
300 _a235 صفحة ؛
_c24 سم.
336 _2rda content
_atext
337 _2rda media
_aComputer
338 _2rda carrier
_aOnline Resource
504 _aيشتمل على ارجاعات ببليوجرافية.
546 _aالنص باللغة العربية
650 1 _aالإرهاب.
_2qrmak
651 1 _2qrmak
856 4 0 _uhttps://fll.law.cu.edu.eg/fulltext/bks/B10-06761.pdf
905 _a18
942 _2ddc
_n0
_cBK
_e21
999 _c54481
_d54481